Hydraulics of sediment transport
Saved in:
| Hovedforfatter: | |
|---|---|
| Format: | Bog |
| Sprog: | engelsk |
| Udgivet: |
Nueva York
McGraw-Hill
1971
|
| Serier: | McGraw-Hill Series in Water Resources and Environmental Engineering
|
| Fag: | |
| Tags: |
Tilføj Tag
Ingen Tags, Vær først til at tagge denne postø!
|
MARC
| LEADER | 00000nam a2200000 a 4500 | ||
|---|---|---|---|
| 001 | UCU6271 | ||
| 003 | CL-VaPUC | ||
| 008 | 960614e19710000US |||||||||||||||||eng|d | ||
| 082 | 0 | 4 | |a 627.122 |b GRA |2 21 |
| 100 | 0 | |a Graf, Walter Hans |e author |9 364468 | |
| 245 | 1 | 0 | |a Hydraulics of sediment transport |
| 300 | |a 513 p | ||
| 942 | |c BK | ||
| 945 | |d 19960614 00:00:00 |a paguirre | ||
| 260 | |a Nueva York |b McGraw-Hill |c 1971 | ||
| 650 | 0 | |a Hidráulica |9 260193 | |
| 650 | 0 | |a Rios |9 261760 | |
| 650 | 7 | |a SEDIMENTO |2 CL-VaPUC |9 364469 | |
| 650 | 7 | |a CONTROL DE SEDIMENTOS |2 CL-VaPUC |9 364470 | |
| 583 | |a last modification |c 19960614 00:00:00 |k Rodrigo Vera | ||
| 490 | 0 | |a McGraw-Hill Series in Water Resources and Environmental Engineering | |
| 999 | |c 249278 |d 249276 | ||
| 952 | |0 0 |1 0 |4 0 |6 627_122000000000000_GRA_1971 |7 0 |8 A |9 266452 |a BIBING |b BIBING |d 2019-11-19 |i 168521K |l 1 |m 1 |o 627.122 GRA 1971 |p 168521K |r 2025-01-20 |s 2023-05-05 |w 2019-11-19 |y BK |k ING | ||